00950nam a2200253 a 450000100060000000300080000600500170001400800410003102000150007203500200008704000260010704100080013308200220014110000310016324500910019426000580028530000350034350000200037865000850039865100490048394200120053299900170054495201350056164070BD-RjUL20211209081252.0170208s1982 caua b 001 0 eng d a0804711186 a(BD-RjUL) 64200 aBD-RjULcBD-RjULbeng aeng00a947223bENM 19821 aEngelstein, Laura.919029810aMoscow, 1905 :bworking-class organization and political conflict /cLaura Engelstein. aStanford, Calif. :bStanford University Press,c1982. aviii, 308 p. :bill. ;c24 cm. aIncludes index. 0aWorking classxPolitical activityzRussia (Federation)zMoscowxHistory.9190299 0aMoscow (Russia)xHistoryy1905-1907.9190300 2ddccBK c64070d64070 00102ddc40718NFICaRUCLbRUCLcReadingd1990-08-27eAsia Foundationl0o947 ENM 1982r2017-02-08 00:00:00tC-1w2017-02-08yBK